Zgadnij level w Geometry Dash po 3 wskazówkach - Statystyki

Ogólne statystyki
  • Ten quiz został rozwiązany 55 razy
  • Średni wynik to 10 z 15
Statystyki odpowiedzi
Wskazówki Poziom % Poprawnych
1. Tematyka piekła2. Był top 1 3. Stworzony przez Riot Bloodbath
98%
1. Uznawany za najłatwiejszego demona2. Ma piosenkę Polargeist 3. Zaczyna się ballem The Nightmare
88%
1. Tematyka ognia2. Weryfikowany przez 2 lata 3. Trwa prawie siedem minut Flamewall
86%
1. Stworzony przez Mindcap2. Używa tylko kostki 3. Ma styl dekoracji 1.0 Every end
84%
1. Pierwszy poziom w jaki większość graczy gra2. Ma 2 Triple kolce 3. Stworzony przez Robtop Stereo Madness
81%
1. Hard demon2. Łatwiejszy od Nine circles 3. Niebieski kolor Jawbreaker
72%
1. Oficjalny poziom2. Trudność Insane 3. Ma trudne szybkie części shipa Electrodynamix
67%
1. Tematyka retro2. Aktualizowany co update 3. Można go przejść w 12 klików Retray
60%
1. Pierwszy demon2. Był najtrudniejszym poziomem 3. Robtopa wziął z jego nazwy nazwę poziomu trudności Demon Park
58%
1. Zweryfikowany przez zoinka2. Był top 1 ale teraz nie jest w top 10 3. Ma naprawione hitboxy Avernus
56%
1. Był najdłużej top 12. Używa piosenki clubstep 3. Ma nazwę z greckiej mitologii Tartarus
56%
1. Nie miał zwycięzcy najdłużej z ocenionych poziomów2. Musisz w nim obserwować 5 obiektów 3. Zoink go nie przeszedł Boobawamba
49%
1. Styl Nine Circles2. Zweryfikowany cheatami 3. Insane demon Poltergeist
47%
1. Każdy skok to triple spike2. Trudność insane 3. Stworzony przez dawnego najlepszego gracza The triple trial
30%
1. Jest easy demonem2. Ma trudnego wave 3. Pierwszy demon zoinka Decode
23%
Nie znaleziono quizów pasujących do podanych kryteriów
Rozkład punktacji
Procent ludzi z każdym wynikiem
Percentyl według liczby udzielonych odpowiedzi
Twoja historia wyników
Nie rozwiązałeś tego quizu